Statistics for Alberta Premiers

Click here to take the quiz!

General Stats

  • This quiz has been taken 72 times
  • The average score is 7 of 17

Answer Stats

Time in OfficePolitical PartyAnswer% Correct
2015 - PresentNew Democratic PartyRachel Notley
95%
1992 - 2006Progressive Conservative PartyRalph Klein
86%
2011 - 2014Progressive Conservative PartyAlison Redford
79%
2014 - 2015Progressive Conservative PartyJim Prentice
70%
2006 - 2011Progressive Conservative PartyEd Stelmach
65%
1971 - 1985Progressive Conservative PartyPeter Lougheed
60%
1905 - 1910Liberal PartyAlexander Cameron Rutherford
49%
1943 - 1968Social Credit PartyErnest Manning
49%
1985 - 1992Progressive Conservative PartyDon Getty
47%
1935 - 1943Social Credit PartyWilliam Aberhart
42%
2014Progressive Conservative PartyDave Hancock
28%
1968 - 1971Social Credit PartyHarry Strom
21%
1925 - 1934United Farmers of AlbertaJohn Edward Brownlee
14%
1910 - 1917Liberal PartyArthur Sifton
12%
1921 - 1925United Farmers of AlbertaHerbert Greenfield
9%
1934 - 1935United Farmers of AlbertaRichard Gavin Reid
9%
1917 - 1921Liberal PartyCharles Stewart
7%

Score Distribution

Percentile by Number Answered

Percent of People with Each Score

Your Score History

You have not taken this quiz